[Event "RUS-ch 57th"]
[Site "Moscow"]
[Date "2004.11.27"]
[Round "11"]
[White "Morozevich, Alexander"]
[Black "Motylev, Alexander"]
[Result "1-0"]
[WhiteElo "2758"]
[BlackElo "2651"]
[Annotator "Stohl,I"]
[PlyCount "83"]
[EventDate "2004.11.15"]
[EventType "tourn"]
[EventRounds "11"]
[EventCountry "RUS"]
[EventCategory "18"]
[SourceTitle "CBM 104"]
[Source "ChessBase"]
[SourceDate "2005.01.27"]
[SourceVersion "1"]
[SourceVersionDate "2005.01.27"]
[SourceQuality "1"]

1. c4 Nf6 2. Nf3 g6 3. g3 Bg7 4. Bg2 O-O 5. O-O d6 6. Nc3 Nc6 7. d4 Rb8 8. h3
a6 9. e4 b5 10. cxb5 axb5 11. Re1 {Morozevich wants to keep the tension and
opts for a quiet continuation instead of the more direct attempts as 10.e5 or}
(11. e5 $13) 11... Nd7 (11... e5 $143 12. d5 (12. dxe5 Nxe5 13. Nxe5 dxe5 14.
Be3 c6 $11) 12... Ne7 13. b4 Bd7 14. Rb1 Qc8 (14... c6 15. dxc6 Bxc6 16. Qd3 $1
{[%cal Ra2a4] /\a4+/=}) 15. Kh2 Rd8 (15... c6 $5) 16. a4 $1 bxa4 17. b5 Qb7 18.
Qxa4 Ra8 19. Qb4 Nc8 20. Be3 Nb6 21. Nd2 h5 22. Nb3 Qc8 23. Na5 $16 {Fominyh,
A-Ravikumar,V/Sangli/2000/}) ({Even now it's not completely clear, how Black
should fully equalize. His best options seem to be either the text-move, or} 
11... e6 12. Qc2 $5 (12. d5 b4 $1 13. Ne2 (13. dxc6 bxc3 14. bxc3 e5 15. Qa4
Rb6 16. Be3 Ra6 17. Qb4 Rxc6 18. Nd2 Be6 19. c4 Ra6 20. c5 Qa8 21. a4 {
Tregubov,P-Nijboer,F/EU-ch Istanbul/2003/} Rb8 22. Qa3 d5 $36) 13... Ne7 14.
dxe6 fxe6 15. e5 Nfd5 16. Nf4 Nxf4 17. Bxf4 Nd5 18. Bg5 Qd7 $13) (12. e5 dxe5
13. Nxe5 Nxd4 $1 (13... Ne7 14. Bg5 b4 15. Na4 $14 {Nogueiras,J-Pecorelli,H/
Santa Clara/2001/}) 14. Be3 c5 15. Bxd4 cxd4 16. Nc6 Qb6 17. Ne2 Rb7 18. Qxd4
Nd5 $132) 12... b4 13. Ne2 Bb7 14. Nf4 e5 (14... Ne7 $142 $13) 15. dxe5 dxe5
16. Nd3 Re8 17. Nc5 Bc8 18. Be3 Qe7 19. Rac1 Rd8 20. Nb3 Bb7 21. Qc4 Ne8 22.
Nc5 Nd6 23. Qb3 Bc8 24. Bf1 Kh8 25. Red1 f5 26. exf5 {Blazsik,Z-Camper,D/corr/
1999/} gxf5 27. Na6 $14) (11... b4 12. Nd5 $5 (12. Na4 e6 13. Bf4 Bb7 $11)
12... Nd7 (12... Bd7 13. Bg5 $36) (12... e6 13. Nxf6+ Bxf6 14. Bh6 Re8 15. e5
$36) 13. Bg5 $1 (13. a3 e6 (13... bxa3 14. bxa3 e6 15. Nc3 $14) 14. Nxb4 Nxb4
15. axb4 Rxb4 16. Bg5 Bf6 17. Bh6 Bg7 18. Bxg7 Kxg7 19. Qc2 Kg8 20. Ra8 c5 21.
e5 cxd4 22. Rc1 Rb8 23. Rxb8 Nxb8 24. Qe4 dxe5 25. Qxe5 Bb7 26. Nxd4 Bxg2 27.
Kxg2 {Tregubov,P-Ramesh,R/Amsterdam/2000/} Qb6 $5 $11) 13... h6 (13... Bb7 14.
Qd2 $14) (13... f6 14. Be3 $14) 14. Qc1 $1 (14. Be3 $6 e6 15. Nf4 Nb6 16. Rc1
Bd7 17. b3 Ra8 18. Rc2 Ra5 19. Qd2 Qa8 20. Nd3 Rc8 21. Re2 Rb5 22. h4 Kh7 23.
Bh3 Ne7 24. Bg2 Bc6 25. Bf4 f5 $15 {Castro Valero,J-Camarena Gimenez,R/Cala
Mendia/2001/}) 14... hxg5 15. Qxc6 $36) 12. Be3 ({A more energetic move is} 12.
Bg5 $5 h6 13. Be3 Na5 14. b3 (14. Qc1 $5) 14... b4 (14... c5 15. Qd2 Kh7 16.
Rac1 Nc6 17. Red1 b4 18. Ne2 Qa5 19. e5 $1 Rd8 20. exd6 exd6 21. Ng5+ hxg5 22.
Bxc6 cxd4 23. Nxd4 Ne5 24. f4 Bxh3 25. Qh2 g4 26. Bg2 Bh6 27. Bxh3 gxh3 28.
Qxh3 $18 {->,Stein,L-Ribli,Z/Las Palmas/1973/}) 15. Ne2 (15. Na4 Nf6 16. Nd2 c6
17. Rc1 Bd7 18. Kh2 Rb5 19. Bf3 Nh7 20. Nb2 Ng5 21. Be2 Rb7 22. h4 Ne6 23. Nf3
c5 24. Nc4 Nxc4 25. Bxc4 cxd4 26. Nxd4 Nc5 $15 {Sturua,Z-Hasanov,M/Moscow/1979/
}) 15... Bb7 $5 $132 (15... c5 16. Rc1 (16. Qd2 $5) 16... Ba6 17. dxc5 dxc5 (
17... Nxc5 $142 18. Bxc5 dxc5) 18. Bxc5 (18. Qd2 $142 $1 $14) 18... Nxc5 19.
Qxd8 Rfxd8 20. Rxc5 Nb7 21. Rc6 Bb5 22. Rc7 Rdc8 23. Rxc8+ Rxc8 24. Ned4 Bd7
25. e5 Nc5 26. Rc1 Kf8 27. Bf1 Ne6 28. Rxc8+ Bxc8 29. Nc2 Ng5 30. Nxg5 hxg5 31.
Nxb4 Bxe5 $44 {[%csl Gc8,Ge5] ^^/+/=,Magerramov,E-Ezat,M/Abu Dhabi/2003/}))
12... Na5 13. b3 (13. Qc1 b4 $1 (13... Nc4 14. Bh6 $1 c5 $2 15. Bxg7 Kxg7 16.
Nxb5 Rxb5 17. Qxc4 Qb6 18. dxc5 Rxc5 19. Qd4+ $16 {Flear,C-Le Huec,M/Creon/
1998/}) 14. Nd5 c6 $13) 13... c5 (13... b4 $142 $1 {, following the
Magerramov-Ezat game was better. Black is not quite ready to open the position
yet.}) 14. Rc1 c4 $6 $146 {[%mdl 16384] Although superficially attractive,
this move is strategically flawed, as Black will not be able to support his
o^c4 and the << will son belong to White. However, it's already difficult to
claim equality:} (14... Nc6 15. dxc5 Nxc5 (15... dxc5 $5 16. Nd5 e6 17. Nf4 $14
) 16. e5 (16. Nd5 $1 $14) 16... Nxe5 17. Nxe5 Bxe5 18. Bxc5 Bxc3 19. Rxc3 dxc5
20. Rxc5 Qxd1 21. Rxd1 Be6 22. Kf1 $6 (22. Rc7 $36) 22... Rfc8 $11 {Vaganian,
R-Ribli,Z/Athens/1971/}) (14... Ba6 15. Bf1 Nc6 16. a4 (16. dxc5 dxc5 17. Nd5
e6 $13) 16... Nxd4 17. Nxd4 cxd4 18. Bxd4 Bxd4 19. Qxd4 Nc5 20. Rb1 bxa4 21.
Bxa6 Nxa6 22. bxa4 $14 {Bachmayr,P-Dirr,U/BL2-S 9091/1991/}) 15. b4 Nc6 16. a3
(16. Rb1 $142 $5 $16 {[%cal Ra2a4] /\a4|^}) 16... e5 (16... Ba6 17. e5 $5 $36 (
17. Rb1 Nb6 $14) {/\} 17... dxe5 18. d5 e4 19. dxc6 exf3 20. Nd5 $1 $16) 17. d5
Ne7 18. a4 $36 {[%csl Rc4] ><o^c4} bxa4 19. Qxa4 f5 20. Ng5 (20. Nd2 f4 21. Ba7
Rb7 $132 {[%csl Ra7] ץa7}) 20... Nb6 $6 (20... f4 $142 $1 21. Ba7 (21. Ne6 $2
fxe3 22. Nxd8 exf2+ $17) (21. Bd2 fxg3 22. fxg3 Qb6+ $11) 21... Nb6 22. Qa5 Rb7
$14) 21. Qa7 Rb7 22. Bxb6 $6 (22. Ne6 $142 $1 $16) 22... Qxb6 (22... Rxb6 23.
Ne6 $1 (23. b5 Bh6 $13) 23... Bxe6 24. dxe6 Rxb4 (24... fxe4 $2 25. Bxe4 d5 26.
Nxd5 $18) 25. exf5 $36) 23. Qxb6 Rxb6 24. b5 {[%cal Rg2f1] /\Bf1} Bh6 25. h4
Bd7 26. Ra1 $1 ({More energetic, than} 26. Rb1 {White relies on his <<(), he
will invade via the <->a and win back the P with interest.}) 26... Bxg5 27.
hxg5 Bxb5 28. Ra7 Nc8 (28... Kf7 29. Bh3 $1 $36) 29. Rc7 Ba6 30. Ra1 {Black's
minor pieces are in a tangle.} Rf7 (30... Rb3 31. Rxa6 Rxc3 32. Rac6 $18 {
[%csl Rc8] פc8}) (30... Rb7 31. Rxc8 Rxc8 32. Rxa6 $16 {/\} Rb3 33. Rc6 $1 $18
) 31. Rc6 $1 Bb7 (31... Rxc6 32. dxc6 Ra7 33. exf5 gxf5 34. Bd5+ Kg7 35. Be6 $1
Bb5 36. Rxa7+ (36. Rd1 $16) 36... Nxa7 37. c7 $16) 32. Rxc4 $16 {Material is
equal again and Black hasn't solved his coordination problems.} Rb2 $6 (32...
Rb3 $142 $16) 33. Nd1 Rb3 34. Ne3 Nb6 35. Rcc1 Kg7 (35... fxe4 $5 36. Bxe4 Rb2
37. Ng4 $1 $16 (37. Rab1 Rxb1 38. Rxb1 Na4 $14)) 36. Rab1 Rxb1 37. Rxb1 Na4 38.
Nc4 $18 {[%csl Rd6] ><d6} Nc3 39. Rb6 Na4 (39... Nxe4 40. Bxe4 fxe4 41. Nxd6
Bxd5 42. Rb5 Bc6 43. Rc5 Rc7 44. Ne8+ Bxe8 45. Rxc7+ $18) (39... fxe4 40. Nxd6
Bxd5 41. Nxf7 Kxf7 $18 {was more resilient, although also hopeless in the long
run.}) 40. Rb4 Nc5 41. Nxd6 Rd7 42. Ne8+ (42. Ne8+ Kf7 43. Nf6 Rd8 44. f4 $5
exf4 45. gxf4 {[%cal Re4e5] /\e5+-} fxe4 46. Nxe4 $18) 1-0

[Event "RUS-ch 57th"]
[Site "Moscow"]
[Date "2004.11.22"]
[Round "7"]
[White "Morozevich, Alexander"]
[Black "Grischuk, Alexander"]
[Result "1/2-1/2"]
[WhiteElo "2758"]
[BlackElo "2704"]
[Annotator "Stohl,I"]
[PlyCount "51"]
[EventDate "2004.11.15"]
[EventType "tourn"]
[EventRounds "11"]
[EventCountry "RUS"]
[EventCategory "18"]
[SourceTitle "CBM 104"]
[Source "ChessBase"]
[SourceDate "2005.01.27"]
[SourceVersion "1"]
[SourceVersionDate "2005.01.27"]
[SourceQuality "1"]

1. c4 Nf6 2. Nf3 b6 3. g3 c5 4. Bg2 Bb7 5. O-O g6 6. Nc3 Bg7 7. Re1 (7. d4 {
is the main move, which gives White chances to fight for an advantage. However,
Morozevich is known for his aversion against the well-trodden paths.}) 7... Ne4
({Black can also play} 7... d5 8. d4 O-O $5 9. dxc5 dxc4 10. Qa4 Qc8 11. cxb6
axb6 12. Qb4 Nd5 $1 13. Nxd5 Bxd5 14. e4 Nc6 15. Qxb6 Be6 $44 16. e5 Rb8 17.
Qe3 Nb4 18. Nd4 Nd3 19. Nc6 Rb7 20. Re2 Rc7 21. Qb6 Bg4 22. Re3 Bh3 23. Bf3 Bg4
24. Bg2 Bh3 25. Bf3 $11 {1/2,Henrichs,T-Alterman,B/Recklinghausen/1998/}) ({
The most usual continuation is} 7... O-O 8. e4 Nc6 {After} 9. e5 Ne8 10. d4
Nxd4 11. Nxd4 Bxg2 12. Kxg2 cxd4 13. Qxd4 d6 14. Bf4 dxe5 15. Qxd8 Rxd8 16.
Bxe5 Bxe5 17. Rxe5 e6 {White's edge is infinitesimal and indeed he has never
managed to win a game from this position:} 18. c5 (18. Rc1 Nf6 19. Re2 Rd7 $11
{1/2,Olafsson,H-Schandorff,L/Aarhus/2003/}) 18... Nf6 19. cxb6 axb6 20. Rb5 Rd6
21. Rd1 Rfd8 22. Rxd6 Rxd6 23. Kf3 Rc6 24. Rb4 h5 25. h3 Kg7 $11 {/+/=,
Tolstikh,N-Kaiumov,D/Cheliabinsk/1993/}) 8. Qc2 ({White's main try is} 8. Nxe4
Bxe4 9. d4 {, but even here Black has the active} (9. d3 Bb7 10. d4 cxd4 11.
Nxd4 Bxg2 12. Kxg2 Nc6 $11 {is too sterile.}) 9... O-O (9... cxd4 $143 10. Bh6
$1 Bxh6 11. Qxd4 O-O 12. Qxe4 $14) 10. d5 b5 $5 (10... e6 11. Bf1 $1 exd5 12.
cxd5 h6 (12... Bxf3 $142 $14) 13. Qb3 d6 14. Nd2 Bf5 15. Nc4 Bc8 16. a4 Ba6 17.
e4 Bxc4 18. Bxc4 Nd7 19. f4 a6 20. Qd3 $14 {Lobron,E-Bandza,A/Wiesbaden/1993/})
11. cxb5 a6 12. bxa6 (12. Bf1 d6 13. Nh4 Qa5 14. Bd2 Qxb5 15. Bc3 Qb7 16. Bg2
$11 {1/2,Romanishin,O-Conquest,S/EU-ch St.Vincent/2000/}) 12... Rxa6 13. Ng5 (
13. Nd2 Bxg2 14. Kxg2 d6 15. Nc4 Nd7 16. e4 Qa8 17. a3 Ra4 18. Qc2 Qa6 19. Ne3
Ne5 20. Rd1 Rd4 21. Ra2 {Summerscale,A-Adams,M/BCF-ch Hove/1997/} f5 $5 $36 {
M.Adams}) 13... Bxg2 14. Kxg2 d6 15. e4 Nd7 16. h4 Qa8 17. a3 h6 18. Nh3 Ra4
19. h5 g5 20. f4 g4 $1 21. Qxg4 f5 22. Qf3 (22. exf5 $2 Ne5 23. Qd1 Rd4 $19 {
Andonov,B-Antic,D/Obrenovac/2002/}) 22... fxe4 23. Rxe4 Rxe4 24. Qxe4 Nf6 $44)
8... Nxc3 9. dxc3 {More common, than the other recapture} (9. bxc3 O-O (9...
Nc6 10. e4 d6 11. Nh4 e5 $6 {Black shouldn't limit his Bg7, it's better to
strive for a set-up with e6 and f5.} 12. Bh3 O-O 13. d3 Bc8 14. Bxc8 Qxc8 15.
Qe2 Qh3 16. Bd2 Rac8 17. f3 f5 18. Qg2 Qxg2+ 19. Nxg2 fxe4 20. fxe4 Rf3 21. Re3
Rcf8 22. Rxf3 Rxf3 23. Ne1 Rf7 24. Kg2 Kf8 25. Nf3 Bf6 26. g4 Nd8 27. g5 Bg7
28. a4 Ne6 29. h4 $14 {()|^,Krivoshey,S-Lipka,J/SVK-chT/1996/}) 10. e4 Nc6 11.
d3 d6 12. h4 Qd7 13. h5 Ne5 $5 14. Nxe5 dxe5 15. h6 Bh8 16. a4 Rad8 $132 {
Gurevich,D-Shvidler,E/Beersheba/1984/}) 9... d6 10. Bf4 (10. Bg5 Nd7 11. Rad1
Qc7 12. e4 h6 13. Bc1 g5 $5 (13... O-O $11 {is less ambitious. With the
text-move Black increases his [+] control and prepares 0-0-0.}) 14. Qe2 (14.
Bh3 $5) 14... Bf6 15. Nd2 h5 16. Nf1 O-O-O $1 17. Ne3 e6 18. f4 $2 gxf4 19.
gxf4 Bh4 20. Rf1 Rdg8 21. Kh1 Nf6 22. e5 dxe5 23. fxe5 Ne4 $17 {Cummings,
D-Speelman,J/BCF-chT 9798/1998/ /\} 24. Rf4 Qxe5 25. Rxh4 Rxg2 $1 $19) (10. e4
Nd7 11. Bg5 O-O 12. Rad1 h6 13. Bf4 Qc7 14. Qe2 Rad8 15. Nh4 Kh7 16. Bc1 Bc6
17. f4 Qb7 18. g4 Nf6 19. h3 a5 20. Qc2 e5 21. f5 g5 22. Nf3 Rh8 $13 {Gabriel,
C-Mandl,R/BL2S 9091/1990/}) (10. h4 $5 h5 (10... h6 {is perhaps more
circumspect.}) 11. Bg5 Nd7 12. e4 Qc7 13. Rad1 Ne5 14. b3 O-O 15. Nh2 Rfe8 16.
Qd2 Rad8 17. Bh6 Bc8 18. Bxg7 Kxg7 19. Qe2 Ng4 20. Nf1 Nf6 21. Rd2 Bg4 22. f3
Bc8 23. Red1 Kg8 24. Kh2 a6 25. Ne3 Bb7 26. Bh3 e6 27. Rd3 Rd7 28. Qd2 Red8 $11
{Tolstikh,N-Ivanov,T/Novosibirsk/1999/}) 10... Nd7 (10... Nc6 11. Rad1 Qc7 12.
h4 h6 13. a3 Rd8 14. e4 e6 15. Rd3 {1/2,Vitiugov,N-Tomashevsky,E/Kazan/2003/}
Ne5 $11) 11. Rad1 Qc7 12. e4 Ne5 $5 (12... O-O 13. Qd2 (13. e5 dxe5 14. Nxe5
Nxe5 15. Bxb7 Qxb7 $15) 13... Ne5 $11) 13. Nxe5 dxe5 14. Be3 O-O $11 {[%mdl 16]
Although the opening gave rise to an original pawn-structure, the resulting
position is more or less lifeless. All B are limited by the P and both sides
have little possibilities for active play.} 15. b4 {The advance} (15. f4 $6
exf4 16. gxf4 Rad8 $15 {would only weaken White's position in the [+].}) 15...
e6 $1 (15... cxb4 $2 16. cxb4 $36 {[%csl Gc4][%cal Gc4c5] o^c}) ({Moving the
f-pawn is quite risky also for Black for similar reasons - his P become shaky.
} 15... f5 16. exf5 Bxg2 17. Kxg2 gxf5 18. f3 $13 {/+/=}) 16. bxc5 bxc5 17. Qa4
Rfc8 18. Rb1 (18. Rd7 Qb6 (18... Bc6 19. Rxc7 Bxa4 20. Rxc5 $14) 19. Qa3 Bf8 {
[%cal Rb7c6] /\Bc6=}) 18... Bf8 {Black has protected his only weakness and the
game heads towards a peaceful conclusion.} 19. Qa3 {[%cal Yb1b5] /\Rb5} Qc6 $1
20. Rb3 (20. Rb5 $2 Ba6) 20... Ba6 21. Bf1 Rcb8 22. Bg5 (22. f3 Rb6 $11) 22...
h6 23. Bf6 Bg7 24. Be7 (24. Bxg7 $6 Kxg7 $15) 24... Bf8 {If White doesn't want
to exchange his B for the passive Bf8, he can't avoid repetition.} 25. Bf6 Bg7
26. Be7 1/2-1/2

[Event "RUS-ch 57th"]
[Site "Moscow"]
[Date "2004.11.26"]
[Round "10"]
[White "Motylev, Alexander"]
[Black "Timofeev, Artyom"]
[Result "1/2-1/2"]
[WhiteElo "2651"]
[BlackElo "2611"]
[Annotator "Rogozenco,D"]
[PlyCount "52"]
[EventDate "2004.11.15"]
[EventType "tourn"]
[EventRounds "11"]
[EventCountry "RUS"]
[EventCategory "18"]
[SourceTitle "CBM 104"]
[Source "ChessBase"]
[SourceDate "2005.01.27"]
[SourceVersion "1"]
[SourceVersionDate "2005.01.27"]
[SourceQuality "1"]

1. e4 c5 2. Nf3 Nc6 3. d4 cxd4 4. Nxd4 Nf6 5. Nc3 e5 6. Ndb5 d6 7. Bg5 a6 8.
Na3 b5 9. Nd5 Be7 10. Bxf6 Bxf6 11. c3 Bg5 12. Nc2 Rb8 {One of the methods to
fight against 9.Nd5: Black goes for a slightly inferior, but drawish position.
These days the evaluation "it's a draw" seems to be more to the point than
"White is slightly better".} 13. a4 bxa4 14. Ncb4 Bd7 15. Bxa6 Nxb4 16. Nxb4
Qa5 17. Qxd6 Rb6 18. Qd3 (18. Qc7 Rxa6 19. Nxa6 Qxa6 20. Qxe5+ Be7 21. Qxg7 Bf6
22. Qg3 Qc4 23. Qf3 (23. Qb8+ Ke7 24. Qb7 Rc8 25. Rd1 Rc7 26. Qd5 Qxd5 27. Rxd5
Rb7 28. Rd2 a3 $1 $19 {0-1 Hermida Gonzalez,P-Sanchez Repullo,D/Asturias 1999 
(54)}) 23... Bb5 24. O-O-O Bg7 25. Rd5 a3 $40 {0-1 Groselj,P-Medvegy,N/Bled
1997/EXT 99 (34)}) 18... Be7 (18... Be6 19. O-O $16) (18... Rxb4 19. cxb4 Qxb4+
20. Kf1 $16 {1-0 Aseev,K-Volzhin,A/Elista 1996/CBM 56 (28)}) 19. Nd5 (19. Rd1
Be6 20. O-O O-O 21. Bc4 {1/2-1/2 Tiviakov,S-Yakovich,Y/Gausdal 2000}) 19...
Rxb2 20. O-O (20. Nxe7 Kxe7 21. O-O (21. O-O-O $2 Rhb8 22. Qd6+ Ke8 23. Rd3 Bg4
24. Qc6+ Kf8 25. Rd5 Qb6 {0-1 Gabrielian,A-Smirnov,P/Russia 2000}) 21... Rd8
$11 {0-1 Esplana,C-Medvegy,Z/Rio de Janeiro 1998 (31)}) 20... Qc5 (20... Bc5
21. Qg3 Kf8 22. Bc4 $14) 21. Rab1 (21. Qg3 O-O 22. Qxe5 Bd6 23. Qd4 Ra8 24. Bc4
a3 $44 {0-1 Sharapov,E-Yagupov,I/Alushta 2000 (39)}) (21. Rad1 $5 Bc6 ({
dubious is} 21... Be6 22. Nxe7 Kxe7 23. Qg3 Kf6) (21... Bg4 $6 22. Rb1 Be2 $2
23. Qg3 $1 {1-0 Wodniczak,A-Martin,J/IECG 2001/D Corr 2002 (23)} (23. Qg3 Bxf1
24. Rxb2 Bxa6 25. Rb8+ Bc8 26. Qxg7 Rf8 27. Qxe5 $18)) 22. Qg3 (22. Nc7+ Kf8
$13) 22... O-O 23. Qxe5 Bd6 24. Nf6+ gxf6 25. Qxd6 Qxd6 26. Rxd6 Bxe4 $44) (21.
c4 O-O $5 (21... Rb3 22. Qe2 O-O 23. Bb5 Bxb5 24. cxb5 Bd8 25. Rfb1 Rxb1+ 26.
Rxb1 Bb6 27. Qe3 $5 $14 {1-0 Socko,B-Krush,I/Bermuda 2002 (61)}) 22. Qc3 $140 (
22. Nf6+ Bxf6 23. Qxd7 a3) (22. Bb5 $142 Bxb5 23. cxb5 Bd8 24. Rab1 a3 $13)
22... Rb3 23. Qxe5 Bd6 24. Qh5 f5 $44) 21... Rxb1 22. Rxb1 O-O 23. Bb5 Be8 24.
Bxe8 Rxe8 25. Rb7 ({After} 25. Qa6 a3 26. Rb5 Qd6 27. Nxe7+ Qxe7 28. Rb3 {
even if White wins a pawn, thge position is drawish. For instance:} Rd8 29. g3
h6 30. Qxa3 Qd7 31. Rb1 Qd3 32. Re1 Rc8 33. Re3 Qd1+ 34. Kg2 Rb8 35. Qa6 Rb1
36. Qc8+ Kh7 37. Qf5+ Kg8 38. Kh3 Qf1+ 39. Kg4 g6 40. Qf6 Qd1+ 41. Kh3 Qf1+ 42.
Kg4 {1/2-1/2 Oortwijn,R-Kiefhaber,H/IECG email 1999 (42)}) 25... Bd6 $1 $146 {
[%mdl 8] Black is the first one to produce a novelty in a position that was
rather wrongly considered harmless for Black anyway.} (25... Bg5 {The
recommended move in theoretical sources, based on the game Leko-Illescas is
clear weaker.} 26. Qd1 $1 {[%csl Rf7][%cal Gd1a4,Gd1h5] This might be the
improvement prepared by Motylev.} (26. Qg3 Qa3 27. h4 Qc1+ 28. Kh2 Bf4 29. Nxf4
exf4 30. Qd3 Qe1 31. Qd5 Rf8 32. Qd4 Qe2 33. Ra7 Qg4 34. Qxa4 {1/2-1/2 Leko,
P-Illescas Cordoba,M/Madrid 1998}) (26. Qf3 Rf8 27. Qf5 $14) 26... Qa3 (26...
a3 27. Qh5 $18) (26... Ra8 27. Qh5) 27. Ra7 $16 (27. h4 $5 Bxh4 $2 28. Qh5 $18)
) (25... Bf8 $2 26. Qf3 $1 $16) 26. Qa6 (26. Qf3 Rf8 $11) (26. Qd1 {is
pointless now.} a3 $11 (26... Qc4 $5)) 26... a3 $11 {"It's a draw"} 1/2-1/2

[Event "RUS-ch 57th"]
[Site "Moscow"]
[Date "2004.11.25"]
[Round "9"]
[White "Svidler, Peter"]
[Black "Motylev, Alexander"]
[Result "0-1"]
[WhiteElo "2735"]
[BlackElo "2651"]
[Annotator "Postny,E"]
[PlyCount "76"]
[EventDate "2004.11.15"]
[EventType "tourn"]
[EventRounds "11"]
[EventCountry "RUS"]
[EventCategory "18"]
[SourceTitle "CBM 104"]
[Source "ChessBase"]
[SourceDate "2005.01.27"]
[SourceVersion "1"]
[SourceVersionDate "2005.01.27"]
[SourceQuality "1"]

1. e4 e5 2. Nf3 Nc6 3. Bb5 a6 4. Ba4 Nf6 5. O-O Nxe4 6. d4 b5 7. Bb3 d5 8. dxe5
Be6 9. Nbd2 (9. Be3 {gained some popularity lately as well.}) 9... Nc5 10. c3
Be7 (10... d4 11. Ng5 {leads to a sharp fight.}) 11. Bc2 d4 {This way black is
trying to create an immediate counterplay, or to force some exchanges and
simplify to a playable endgame.} ({More popular continuation is} 11... Bg4) 12.
Nb3 (12. Ne4 d3 13. Nxc5 {might lead to the same position as after 12.Nb3. The
move in the text gives white another possibility, which took place in current
game...}) 12... d3 13. Bb1 {Svidler does not want to go for a slightly better
endgame, probably being concerned that Motylev prepared an improvement of the
game Svidler-Kaidanov...} (13. Nxc5 dxc2 14. Qxd8+ Rxd8 15. Nxe6 fxe6 16. Be3
Rd5 17. c4 bxc4 18. Rac1 Nxe5 19. Nxe5 Rxe5 20. Rxc2 $14 {1-0 Svidler,
P-Kaidanov,G/Moscow 2003/CBM 94 [Postny,E] (54)}) 13... Nxb3 14. axb3 Bf5 15.
Be3 {Black's far advanced Pd3 will not survive for long, but black has time to
create counterplay in the centre.} O-O 16. Re1 (16. Nd4 Nxd4 17. cxd4 c5 18.
Bxd3 cxd4 19. Bf4 Qd7 20. Qb1 Bg6 21. Bd2 Bxd3 22. Qxd3 f6 $132 {0-1 Luther,
T-Mikhalevski,V/Port Erin 2003/CBM 96 ext (33)}) 16... Qd5 17. Bd4 Rfd8 ({
A worthy alternative for black is:} 17... d2 18. Nxd2 (18. Re2 Bxb1 19. Rxb1
Nxd4 20. Nxd4 Bg5 21. Nf3 Bh6 22. Nxd2 Rad8 23. Qc2 Bxd2 24. Rd1 Qe6 25. Rdxd2
Rxd2 26. Qxd2 Qxb3 $11) (18. Qxd2 Bxb1 19. Raxb1 Qxb3 $11) 18... Bxb1 19. Nxb1
Nxd4 20. cxd4 b4 $1 $132 {[%csl Rb1]}) 18. Re3 Nxd4 19. cxd4 (19. Nxd4 $6 Bg6 {
[%cal Ge7g5]}) 19... c5 (19... Be4 $5 20. Bxd3 Bxf3 21. Qxf3 Qxf3 (21... Qxd4
$2 22. Bxh7+ $1 Kxh7 23. Qh5+ Kg8 24. Rh3 f5 25. e6 $18) 22. Rxf3 Rxd4 23. Bxb5
Rad8 24. Bxa6 Rd1+ 25. Rxd1 Rxd1+ 26. Bf1 Bc5 $1 {and black should hold the
endgame without much difficulties.}) 20. Bxd3 cxd4 {Winants: 'Les Noirs sont
parvenus а conserver l'équilibre matériel, mais leur position présente encore
quelque danger car le pion d4 est vulnérable.'} 21. Re2 {This position is
critical for the evaluation of this opening line. From the first glance, black
seems to be OK. However, if white will manage to transfer his knight to a
blockade outpost d3, black will suffer...} Qe6 (21... Bxd3 $1 22. Qxd3 Rac8 {
Mikhalevski,V}) 22. h3 {Covering the g4 square.} ({et} 22. Bxf5 $6 Qxf5 23.
Nxd4 Qd7 $1 (23... Qf4 24. Rd2 Bg5 25. Rd3 Qxe5 26. Nf3 Qf6 $11) 24. Rd2 Bb4
25. Rd3 Bc5 26. Qf3 Bxd4 27. Rad1 Rac8 28. h3 Bxf2+ 29. Kxf2 Qa7+ $15) 22...
Rac8 $1 $146 {This obvious move is definitely better than the previously
played 22...Rd5.} (22... Rd5 $6 23. Ne1 $1 a5 ({Surtout pas} 23... Rxe5 $2 24.
Rxe5 Qxe5 25. Qf3 $18 {[%csl Ra8,Rf5] avec attaque double.}) 24. Bxf5 Qxf5 25.
Nd3 $14 {1-0 Topalov,V-Piket,J/Antwerp 1997/CBM 61/[Winants] (35)}) 23. Ne1 Rc6
24. Qb1 $6 ({Why not simply to put the knight on d3?} 24. Bxf5 Qxf5 25. Nd3)
24... Bxd3 {[%csl Rb3]} 25. Qxd3 h6 26. f4 Qc8 27. Nf3 $4 {Just a big blunder..
.} ({After the normal prophylactic move} 27. Kh2 {white's chances seems to me
slightly preferable.}) 27... Rc1+ 28. Re1 (28. Rxc1 Qxc1+ {[%csl Rf4][%cal
Gc1f4]}) {[%tqu "En","Please enter a move for black.","","","c8c2","The
decisive penetration. This move was probably missed by Svidler, when playing
27.Nf3.",10]} 28... Qc2 $1 {The decisive penetration. This move was probably
missed by Svidler, when playing 27.Nf3.} 29. Qxc2 Rxc2 30. e6 {Desperately
trying to create a counterplay, but Motylev did not miss his chance.} fxe6 31.
Rxe6 Bc5 32. Kh2 d3 {Black's passed pawn is simply unstoppable.} 33. Rd1 d2 34.
Kg3 Rd3 35. Kg4 Bb4 36. Re8+ Kh7 37. f5 Rc1 38. Ne5 {[%cal Ge5g6] The last
chance to create a mating net.} Re3 0-1